书目信息 |
| 书名: | LAW SCHOOL ESSAYS THAT MADE A DIFFRENCE | |
| 作者: | Princeton Review | |
| 分册号: | ||
| 分册名: | 出版地: | New York |
|
| 出版社: | Random House | |
| 出版时间: | 2006 | |
| 页数: | 280p | |
| 开本: | 23cm | |
| 丛书名: | ||
| 中图分类号: | ||
| 科图分类号: | ||
| 其他分类号: | G643.8 | |
| 主题词: | ||
| 电子资源: | ||
| 000 | 00506nam0 2200181 450 | |
| 001 | 052012180548 | |
| 005 | 20121114104218.0 | |
| 008 | 20021229d1997 em y0chiy0121 ea | |
| 020 | @a978-0-375-76570-4@c$13.95 | |
| 041 | @aeng | |
| 091 | @aG643.8 | |
| 099 | @dG643.8@eP9571 | |
| 245 | 10 | @aLAW SCHOOL ESSAYS THAT MADE A DIFFRENCE@cPrinceton Review |
| 260 | @aNew York@bRandom House@c2006 | |
| 300 | @a280p@c23cm | |
| 521 | @aLAW SCHOOL ESSAYS THAT MADE A DIFFRENCE | |
| 905 | @b11352 | |
| 905 | @aTSG@dG643.8@eP9571 | |
| LAW SCHOOL ESSAYS THAT MADE A DIFFRENCE / Princeton Review.-New York : Random House , 2006 |
| 280p ; 23cm |
| LAW SCHOOL ESSAYS THAT MADE A DIFFRENCE |
| ISBN 978-0-375-76570-4$13.95 |
| ● |
| 相关链接 |
|
|
|
正题名:LAW SCHOOL ESSAYS THAT MADE A DIFFRENCE
索取号:G643.8/P9571
 
预约/预借
| 序号 | 登录号 | 条形码 | 馆藏地/架位号 | 状态 | 备注 |